000 00533ngm a2200253 a 4500
003 OSt
005 20251020182657.0
008 240217s9999 xx 000 0 und d
040 _aPE SENCICO BE
040 _cPE SENCICO BE
041 _aspa
082 _aF025
245 0 _aParadigmas /
245 0 _cNo precisa
260 _bNo precisa
260 _cNo precisa
300 _a1 VIDEO
300 _bson., Col.
300 _c30'
490 _aPEDAGOGIA
650 _aPARADIGMAS
910 _aila.
942 _cVID
_2ddc
999 _c4712
_d4712